Shatibi's philosophy of Islamic law

Bibliographic Details
Main Author: Muhammad Khalid Masud
Format: Book
Published: Kuala Lumpur : Islamic Book Trust , 1995
Subjects:

MARC

LEADER 00000cam a2200000 7i4500
001 0000059488
005 20020805.0
020 |a 9839154133 
090 0 0 |a 340.59   |b MUH 
100 0 |a Muhammad Khalid Masud 
245 1 0 |a Shatibi's philosophy of Islamic law   |c Muhammad Khalid Masud 
260 |a Kuala Lumpur :   |b Islamic Book Trust ,   |c 1995 
300 |a 294p. ;   |c 23cm. 
650 0 0 |a Islamic law 
999 |a 114702   |b BUKU   |c PINJAMAN   |e PERPUSTAKAAN KOMUNITI PETALING JAYA